01476nam a2200265 a 450000100100000000500170001000800410002702000150006804000250008308200150010824501320012326000320025530000280028749000340031549000280034950000870037750000380046450504240050270000450092670000310097183000420100283000360104495201130108099900170119300002405520200930022659.0110118s2001 sp a r 000 | spa d a8474328551 aDO-SdBNPbspacBNPHU axxxxbO14e14aLos obstáculos epistemológicos en la enseñanza /ccompiladora de Alicia R.W. de Camilloni ; traducción de Alcira Bixio. aBarcelona :bGedisa,c2001. a223 p. :bil. ;c23 cm. aBiblioteca de Educaciónv10 aDidáctica Generalv10 aSelección de artículos publicados en los números 24 y 25 de la revista ASTER aIncluye notas al pie de páginas0 tTrabajar los obstáculos para asimilar los conocimientos científicos /rGuy RumelhardaConstrucción de problemas y superación de obstáculos /rMichel Fabre y Christian Oranget- Empleo de objetos museológicos para tratar los obstáculos en la esfera de las ciencias y la técnica /rJack Guichard y Françoise GuichardtIdentificación de los obstáculos por parte de los alumnos /rBrigitte Peterfalvi.1 aCamilloni, Alicia R.W. de,bcomp.9494281 aBixio, Alcira,etr.949429 0aBiblioteca de Educación,n10949430 0aDidáctica General,n10949431 001050718MOaGRbGRcCTd2011-01-18iLF1l0oxxxx O14ep24055-10r2020-06-25w2020-06-25y1ZNo se presta c23550d23550